• 首页
  • 本馆介绍
  • 公告通知
  • 最新文献
  • 馆藏检索
  • 电子资源
  • 读者导购
  • 参考咨询
  • 我的图书馆
  • 登录
  • 详细信息显示
  • 放入我的书架
  • 预约/预借图书
  • 作者相关作品
  • 分类相关作品
  • 丛书相关作品
  • 出版社相关作品

书目信息

  • 表格格式
  • 工作单格式
  • 卡片格式
题名:
中国训诂学
    
 
作者: 冯浩菲
分册:  
出版信息: 济南   山东大学出版社  1995
页数:
开本: 19cm
丛书名:
单 册:
中图分类: G1
科图分类:
主题词: 文化事业--基本建设 , 文化事业--概况--世界
电子资源:
ISBN:
000 00487nam0 2200181 450
001 0734081268
005 20071007092801.28
100    @a20071007d km y0chiy0120 ea
101 0  @achi
200 1  @a中国训诂学@Azhong guo xun gu xue@f冯浩菲@Ffeng hao fei
210    @a济南@c山东大学出版社@d1995
215    @d19cm
606 0  @a文化事业@x基本建设
606 0  @a文化事业@x概况@x世界
690    @aG1@v3
701  0 @a冯浩菲@Afeng hao fei
801  0 @aCN@bPFT@c20071007
905    @a213230@dG1@ea65@f1
    
    中国训诂学/冯浩菲.-济南:山东大学出版社,1995
    19cm
    
    
    ISBN :
    
●
相关链接 在E读中查询图书 在五车中查询图书 在当当中查询图书 在豆瓣中查询图书


正题名:中国训诂学     索取号:G1/a65         预约/预借

序号 登录号 条形码 馆藏地/架位号 状态 备注
1 7509323   275093239   密集书库-史法系/ [索取号:G1/a65] 在馆    
唐山师范学院图书馆 欢迎您!
大连网信软件有限公司© 版权所有